01348cam a22003255a 450000100100000000500170001000800410002702000180006802000150008604000360010108200220013710000310015924500790019025000250026926000500029430000360034450000250038050000270040550400420043265000720047465000470054665100100059365300230060365300250062670000330065194200080068499900170069295201580070995201550086701685940620201128021455.0140903t2015 enka frbd 001 0 eng d a9781292060521 a1292060522 aUkbengcUkdEG-ScBUEdEG-ScBUE04222a657.0285bROM1 aRomney, Marshall B.93645610aAccounting information systems /cMarshall B. Romney, Paul John Steinbart. a13th ed., Global ed. aHarlow :bPearson Education Limited,cc.2015. a734 p. :bill. (col.) ;c28 cm. aIndex : p. 723-734.  aGlossary : p. 702-722. aIncludes bibliographical references.  72BUEshaInformation storage and retrieval systemsxAccounting.91544 7aAccountingxData processing.2BUEsh919144 2BUEsh bBUSADMcAugust2015 bBUSECOcDecember20161 aSteinbart, Paul John.936457 2ddc c20466d20438 00102ddc40708BaccahaMAINbMAINc1STd2015-08-04epurchaseg394.00h21758l1m5o657.0285 ROMp000039598r2025-07-15 00:00:00s2016-03-08v492.50yBB 00102ddc40708BaccahaMAINbMAINc1STd2016-12-01ePurchaseg513.00h25140l2o657.0285 ROMp000040177r2025-07-15 00:00:00s2017-07-18v641.25yBB